มุมมองปกติ
มุมมองแบบ MARC
- รัสปูติน, เกรกอรี่ เยฟิโมวิทธ์,
รายการ Personal Name
001 - CONTROL NUMBER
- control field: 39093
003 - CONTROL NUMBER IDENTIFIER
- control field: NALT
005 - DATE AND TIME OF LATEST TRANSACTION
- control field: 20190429110455.0
008 - FIXED-LENGTH DATA ELEMENTS
- fixed length control field: 190429|| aca||aabn | a|a d
040 ## - CATALOGING SOURCE
- Original cataloging agency: NALT
100 ## - HEADING--PERSONAL NAME
- Personal name: รัสปูติน, เกรกอรี่ เยฟิโมวิทธ์,
- Dates associated with a name: ค.ศ. 1872-1916
